Países con más Población que Todos sus vecinos juntos - Estadísticas

Estadísticas generales
  • Esta prueba ha sido intentada 42 veces
  • La puntuación promedio es 7 de 9
Estadísticas de respuestas
Población País % Correcto
≈ 215.000.000 Brasil
100%
≈ 340.000.000 Estados Unidos
94%
≈ 68.000.000 Reino Unido
94%
≈ 280.000.000 Indonesia
92%
≈ 225.000.000 Nigeria
81%
≈ 63.000.000 Sudáfrica
81%
≈ 51.000.000 Corea del Sur
69%
≈ 110.000.000 Egipto
67%
≈ 11.800.000 Haití
44%
No se encontraron pruebas coincidentes
Distribución de puntuación
Porcentaje de gente con cada puntuación
Porcentaje por número respondido
Historial de tus puntuaciones
No has intentado esta prueba.